Bishops, wives and children (Record no. 227474)
[ view plain ]
| 000 -LEADER | |
|---|---|
| fixed length control field | 02044nam a2200409 a 4500 |
| 082 04 - DEWEY DECIMAL CLASSIFICATION NUMBER | |
| Classification number | 262/.12342 |
| 100 1# - MAIN ENTRY--AUTHOR NAME | |
| Personal name | Davies, Douglas James. |
| 245 10 - TITLE STATEMENT | |
| Title | Bishops, wives and children |
| 260 ## - PUBLICATION, DISTRIBUTION, ETC. (IMPRINT) | |
| Place of publication | Aldershot, England ; |
| -- | Burlington, VT : |
| Name of publisher | Ashgate Pub. Ltd., |
| Year of publication | c2007. |
| 300 ## - PHYSICAL DESCRIPTION | |
| Number of Pages | viii, 207 p., [8] p. of plates : |
| Other physical details | ill. |
| 505 0# - FORMATTED CONTENTS NOTE | |
| Formatted contents note | Religious leadership in a changing society -- Bishop and church : changing times and institutions -- Changing persons, changing roles -- Suffragan and diocesan bishops -- The place of clergy wives : a 'shared ministry'? -- Growing up clerical -- Clergy children and religious identity -- Clergy children, work and professional identity -- Conclusions. |
| 650 #0 - SUBJECT ADDED ENTRY--TOPICAL TERM | |
| Topical Term | Children of clergy |
| Topical Term | Bishops' spouses |
| Topical Term | Christian sociology |
| Topical Term | Christian sociology |
| 700 1# - ADDED ENTRY--PERSONAL NAME | |
| Personal name | Guest, Mathew. |
| 856 40 - ELECTRONIC LOCATION AND ACCESS | |
| Uniform Resource Identifier | http://site.ebrary.com/lib/rucke/Doc?id=10211091 |
No items available.
